|
|
|
|
| LEADER |
02681nam a2200313 u 4500 |
| 001 |
10113573 |
| 003 |
upatras |
| 005 |
20210117205112.0 |
| 008 |
140820s2011 gr gre |
| 040 |
|
|
|a GR-PaULI
|c GR-PaULI
|
| 041 |
0 |
|
|a gre
|
| 082 |
1 |
4 |
|a 572.549
|2 23
|
| 100 |
1 |
|
|a Λαμπροπούλου, Ευγενία Ηλ.
|4 aut
|9 139864
|
| 245 |
1 |
0 |
|a Ο ρόλος της CDK5 στην επαγόμενη από πλειοτροπίνη μετανάστευση ενδοθηλιακών κυττάρων και ως στόχος για δράση πυρρολο[2,3-α]καρβαζολικών αναλόγων του ινδολοκαρβαζολικού αρωματικού σκελετού φυσικών προϊόντων στην αγγειογένεση
|b The role of CDK5 in PTN-induced endothelial cells migration and as a target for the anti-angiogenic effect of pyrrolo[2,3-a]carbazole analogues of indolocarbazole alkaloids of natural products
|c Ευγενία Ηλ. Λαμπροπούλου; Πανεπιστήμιο Πατρών, Σχολή Επιστημών Υγείας, Τμήμα Φαρμακευτικής
|
| 246 |
1 |
1 |
|a The role of CDK5 in PTN-induced endothelial cells migration and as a target for the anti-angiogenic effect of pyrrolo[2,3-a]carbazole analogues of indolocarbazole alkaloids of natural products
|
| 300 |
|
|
|a [16], 205 σ.
|c 30 εκ.
|
| 500 |
|
|
|a Διατμηματικό πρόγραμμα μεταπτυχιακών σπουδών "Ιατρική Χημεία: Σχεδιασμός και ανάπτυξη φαρμακευτικών προϊόντων"
|
| 504 |
|
|
|a Περιλαμβάνει βιβλιογραφία
|
| 650 |
|
4 |
|a Ενδοθηλιακά κύτταρα
|9 139865
|
| 650 |
|
4 |
|a Καρκίνος
|x Έρευνα
|9 35103
|
| 700 |
1 |
|
|a Παπαδημητρίου, Ευαγγελία
|4 oth
|9 29177
|
| 710 |
2 |
|
|9 2771
|a Πανεπιστήμιο Πατρών
|b Σχολή Επιστημών Υγείας
|b Τμήμα Ιατρικής
|e Σχολή Θετικών Επιστημών
|e Τμήμα Χημείας
|
| 710 |
2 |
|
|9 2771
|a Πανεπιστήμιο Πατρών
|b Σχολή Επιστημών Υγείας
|b Τμήμα Ιατρικής
|e Σχολή Επιστημών Υγείας
|e Τμήμα Φαρμακευτικής
|
| 852 |
|
|
|a GR-PaULI
|b ΠΑΤΡΑ
|b ΒΚΠ
|b ΑΝΕ
|k ΔΙΑΤΡΙΒΗ
|h 572.549 ΛΑΜ
|m 109459
|p 025000206448
|t 1
|
| 856 |
|
|
|u http://hdl.handle.net/10889/5900
|
| 942 |
|
|
|2 ddc
|c BKTD
|
| 952 |
|
|
|0 0
|1 0
|4 0
|6 572_549000000000000_ΛΑΜ
|7 0
|9 168918
|a LISP
|b LISP
|c RES
|d 2016-04-24
|i 109459
|l 0
|o 572.549 ΛΑΜ
|p 025000206448
|r 2016-04-24 00:00:00
|t 1
|w 2016-04-24
|y BKTD
|
| 998 |
|
|
|c ΓΚΟΓΚΟΥ
|d 2014-08
|
| 999 |
|
|
|c 105615
|d 105615
|